LIBRARY & INFORMATION CENTRE, KCAET, TAVANUR

ONLINE PUBLIC ACCESS CATALOGUE (OPAC)

Water conservation plans for a hard laterite terrain - a case study (Record no. 15184)

MARC details
000 -LEADER
fixed length control field 00740nam a22002057a 4500
003 - CONTROL NUMBER IDENTIFIER
control field OSt
088 ## - REPORT NUMBER
Report number P 165
100 ## - MAIN ENTRY--AUTHOR NAME
Personal name NIMITHA B
245 ## - TITLE STATEMENT
Title Water conservation plans for a hard laterite terrain - a case study
260 ## - PUBLICATION, DISTRIBUTION, ETC. (IMPRINT)
Place of publication Tavanur 2006
Name of publisher Kelappaji College of Agricultural Engineering and Technology
300 ## - PHYSICAL DESCRIPTION
Number of Pages 78
500 ## - GENERAL NOTE
General note Water conservation plans for a hard laterite terrain - a case study
520 ## - SUMMARY, ETC.
Summary, etc Water conservation plans for a hard laterite terrain - a case study
700 ## - ADDED ENTRY--PERSONAL NAME
Personal name Sreekanth J
700 ## - ADDED ENTRY--PERSONAL NAME
Personal name Vini Babu
700 ## - ADDED ENTRY--PERSONAL NAME
Personal name Er. Renukakumari J (Guide)
856 ## - ELECTRONIC LOCATION AND ACCESS
Uniform Resource Identifier https://drive.google.com/open?id=1qtSwMNNN0H64XvnIzhVLbc-DHjurOt-E
942 ## - ADDED ENTRY ELEMENTS (KOHA)
Koha item type Project Report
Holdings
Collection code Home library Current library Shelving location Full call number Accession Number Koha item type
Reference KAUAET KAUAET Reference 631.75807 NIM/WA P 165 Project Report
free website counter